MARC

LEADER 00000nam0a2200000 4500
001 289498
005 20231102000207.0
035 |a (RuTPU)RU\TPU\book\314004 
090 |a 289498 
100 |a 20150401d1982 k y0rusy50 ca 
101 0 |a rus 
102 |a RU 
105 |a a j 001zy 
200 1 |a Сборник задач по аналитической механике  |f Е. Н. Поляхова  |g Ленинградский государственный университет (ЛГУ) 
210 |a Ленинград  |c Изд-во ЛГУ  |d 1982 
215 |a 312 с.  |c ил. 
320 |a Библиогр.: с. 309-310 
606 1 |a Механика теоретическая  |2 stltpush  |3 (RuTPU)RU\TPU\subj\59441  |9 76991 
610 1 |a уравнения Лагранжа 
610 1 |a уравнения Гамильтона 
610 1 |a уравнения движения 
610 1 |a задачи 
610 1 |a вариации 
610 1 |a применение 
610 1 |a учебные пособия 
675 |a 531(076)  |v 4 
700 1 |a Поляхова  |b Е. Н.  |g Елена Николаевна 
712 0 2 |a Ленинградский государственный университет (ЛГУ)  |c (1924-1991)  |2 stltpush  |3 (RuTPU)RU\TPU\col\77 
801 1 |a RU  |b 63413507  |c 20150401 
801 2 |a RU  |b 63413507  |c 20170707  |g RCR 
942 |c BK